000 00380nam a22001697a 4500
005 20160628104359.0
008 160628b xxu||||| |||| 00| 0 eng d
020 _a81-7554-139-3
041 _aeng
082 _b10736
100 _aAlder, Harry
_91145
245 _aBoost Your Inteligence
260 _bKogan
_c2002
300 _a171
650 _aManagement
_9241
942 _cBK
999 _c4382
_d4381